[Event "Ostrava Konik op"]
[Site "Ostrava"]
[Date "2014.05.01"]
[Round "6"]
[White "Volcik, Milan"]
[Black "Lipka, Petr"]
[Result "1/2-1/2"]
[WhiteElo "1670"]
[BlackElo "1676"]
[PlyCount "33"]
[EventDate "2014.04.26"]
[EventType "swiss"]
[EventRounds "9"]
[EventCountry "CZE"]
[SourceTitle "CBM 160 Extra"]
[Source "ChessBase"]
[SourceDate "2014.07.01"]
[SourceVersion "1"]
[SourceVersionDate "2014.07.01"]
[SourceQuality "1"]

1. e4 c6 2. d4 d6 3. Nf3 Bg4 4. Nc3 Qc7 5. Be2 Nd7 6. 0-0 Ngf6 7. h3 Bh5 8. Be3 e5 9. Qd2 Bg6 10. Bd3 Be7 11. a3 h6 12. Nh2 d5 13. dxe5 Nxe5 14. f4 Nxd3 15. cxd3 dxe4 16. f5 Bh7 17. dxe4 1/2-1/2